[Event "ch-ROU Men"]
[Site "Sarata Monteoru ROU"]
[Date "2011.02.18"]
[Round "9.44"]
[White "Nastase,R"]
[Black "Moldoveanu,Paul"]
[Result "1/2-1/2"]
[WhiteElo "1825"]
[BlackElo "1924"]

1.d4 d5 2.c4 c6 3.Nf3 Nf6 4.Nc3 dxc4 5.a4 Bf5 6.e3 Na6 7.Bxc4 Nb4 8.O-O e6
9.Ne1 Bd6 10.f3 Qc7 11.e4 Bxh2+ 12.Kh1 Bg6 13.e5 Bxe5 14.dxe5 Qxe5 15.Qe2 Qxe2
16.Bxe2 O-O-O 17.g4 h6 18.Kg2 Nd3 19.Nxd3 Bxd3 20.Kf2 Bxe2 21.Kxe2 Nd5 22.Bd2 e5
23.Nxd5 Rxd5 24.Bc3 f6 25.Rad1 Rhd8 26.Rxd5 Rxd5 27.Ke3 Kd7 28.f4 exf4+ 29.Rxf4 Ke6
30.a5 h5 31.gxh5 Rxh5 32.Rb4 Rb5 33.Rxb5 cxb5 34.Bd4 a6 35.b4 g5 36.Ke4 f5+
37.Kf3 Kf7 38.Kg3 Kg6 39.Be5 Kh5 40.Bd4 Kg6 41.Be5  1/2-1/2

[Event "TCh-CAT Div Hon"]
[Site "Barcelona ESP"]
[Date "2011.02.19"]
[Round "4.2"]
[White "Almeida Quintana,O"]
[Black "Granados Gomez,M"]
[Result "1-0"]
[WhiteElo "2576"]
[BlackElo "2387"]

1.d4 d5 2.c4 c6 3.Nf3 Nf6 4.Nc3 dxc4 5.a4 Bf5 6.Ne5 Nbd7 7.Nxc4 Nd5 8.Bg5 f6
9.Bh4 e5 10.dxe5 Bb4 11.Nd6+ Kf8 12.Rc1 Qa5 13.Qd2 Nxe5 14.e4 Bxd6 15.exf5 Bb4
16.Be2 Rd8 17.Qc2 Bxc3+ 18.bxc3 Nf4 19.O-O Qd5 20.f3 Qd2 21.Rfe1 Qxc2 22.Rxc2 Kf7
23.Bf1 Rhe8 24.Rb1 b6 25.a5 b5 26.a6 Nfd3 27.Rd2 Nc5 28.Rd4 Na4 29.Be1 Nb6
30.Bf2 Nec4 31.Bd3 Nd6 32.Bc2 c5 33.Rdd1 c4 34.Rd2 Ndc8 35.Rxd8 Rxd8 36.Rxb5 Rd5
37.Rxd5 Nxd5 38.Be4 Nxc3 39.Bb7 Nd1 40.Bxc8  1-0

[Event "TCh-CAT Div Hon"]
[Site "Barcelona ESP"]
[Date "2011.02.19"]
[Round "4"]
[White "Castellet Giralt,G"]
[Black "Ubach Miralda,M"]
[Result "1/2-1/2"]
[WhiteElo "2203"]
[BlackElo "2261"]

1.d4 d5 2.c4 c6 3.Nf3 Nf6 4.Nc3 dxc4 5.a4 Bf5 6.e3 e6 7.Bxc4 Bb4 8.O-O O-O
9.Qe2 Nbd7 10.Ne5 Qa5 11.Nxd7 Nxd7 12.e4 Bg6 13.Na2 Qxa4  1/2-1/2

[Event "IV Open A"]
[Site "Gora Swietej Anny POL"]
[Date "2011.02.19"]
[Round "9.6"]
[White "Suliborski,J"]
[Black "Szewczyk,G"]
[Result "1/2-1/2"]
[WhiteElo "1900"]
[BlackElo "2014"]

1.d4 d5 2.c4 c6 3.Nc3 Nf6 4.Nf3 dxc4 5.a4 Bf5 6.Ne5 Nbd7 7.Nxc4 e6 8.g3 Nb6
9.Ne3 Bg6 10.Bg2 a5 11.O-O Be7 12.Bf3 h6 13.Ng2 Nbd5 14.Qb3 Qb6 15.Qxb6 Nxb6
16.e4 Bh5 17.Bxh5 Nxh5 18.e5 g6 19.g4 Ng7 20.Ne4 O-O-O 21.Be3 Nd5 22.Rfd1 b6
23.Nf4 Kb7 24.Nxd5 Rxd5 25.Kg2 Ne8 26.f4 h5 27.h3 Ng7 28.Rac1 Rdd8 29.Ng3 Bh4
30.Ne4 Be7 31.Bf2 Ne8 32.Be3 Nc7 33.Nc3 hxg4 34.hxg4 Rh4 35.Rh1 Rdh8 36.Rxh4 Rxh4
37.Kg3 Rh7 38.Rf1 Bh4+ 39.Kg2 Be7 40.f5 gxf5 41.gxf5 b5 42.axb5 cxb5 43.fxe6 fxe6
44.Ra1 b4 45.Ne2 Nd5 46.Bd2 Kb6 47.Nf4 Nxf4+ 48.Bxf4 Rf7 49.Kg3 Kb5 50.b3 Bh4+
51.Kg4 Bf2 52.d5 exd5 53.e6 Rf6 54.Ra2 Bc5 55.Bc7 Rxe6 56.Rxa5+ Kc6 57.Ra6+ Kd7
58.Rxe6 Kxe6 59.Bf4 Bd6 60.Bd2 Ke5 61.Bf4+ Ke6 62.Bd2 d4 63.Kf3 Kd5 64.Bc1 Be7
65.Bh6 Bc5 66.Bd2 d3 67.Be1 Kd4 68.Bf2+ Kc3 69.Bxc5 d2 70.Bxb4+ Kxb4 71.Ke2 Kc3
72.Kd1 Kxb3 73.Kxd2  1/2-1/2

[Event "3rd Batavia-Grolsch"]
[Site "Amsterdam NED"]
[Date "2011.02.20"]
[Round "3"]
[White "Hertneck,G"]
[Black "Kleijn,C"]
[Result "1-0"]
[WhiteElo "2542"]
[BlackElo "2428"]

1.d4 d5 2.c4 c6 3.Nf3 Nf6 4.Nc3 dxc4 5.a4 Bf5 6.Ne5 Nbd7 7.Nxc4 Qc7 8.g3 e5
9.dxe5 Nxe5 10.Bf4 Nfd7 11.Bg2 g5 12.Ne3 gxf4 13.Nxf5 O-O-O 14.Qc2 Kb8 15.O-O fxg3
16.hxg3 h5 17.Rfc1 Ng4 18.Nb5 Qb6 19.Nbd4 Nde5 20.a5 Qc7 21.a6 h4 22.Qb3 Qb6
23.Qxb6 axb6 24.a7+ Ka8 25.Nxc6 Nxc6 26.Rxc6 h3 27.Bh1 Bc5 28.Rc7 h2+ 29.Kf1 Rd5
30.Rxb7 Nxf2 31.Rb8+  1-0

[Event "US Amateur Team-ch East"]
[Site "Parsippany USA"]
[Date "2011.02.20"]
[Round "3"]
[White "Leverett,B"]
[Black "Corke,A"]
[Result "1-0"]
[WhiteElo "2295"]
[BlackElo "2257"]

1.d4 d5 2.Nf3 Nf6 3.c4 c6 4.Nc3 dxc4 5.a4 Bf5 6.e3 e6 7.Bxc4 Bb4 8.O-O O-O
9.Qe2 Bg6 10.Ne5 Nbd7 11.Nxg6 hxg6 12.Rd1 Qa5 13.Qc2 Rad8 14.Na2 Bd6 15.b4 Qh5
16.g3 e5 17.Kg2 exd4 18.exd4 g5 19.h4 g4 20.Bg5 Rde8 21.Re1 Nh7 22.Bd2 Nb6
23.Bb3 Nd5 24.Qd3 Kh8 25.b5 f5 26.Bxd5 cxd5 27.Bb4 Bxb4 28.Nxb4 Nf6 29.Re5 Ne4
30.Nxd5 Rxe5 31.dxe5 Rd8 32.Rd1 Qf7 33.Qc4 Qg8 34.Ne3 Rxd1 35.Qxg8+ Kxg8
36.Nxd1 Kf7 37.f3 gxf3+ 38.Kxf3 Ke6 39.Kf4 Nc5 40.Nb2 b6 41.h5 Nd7 42.Nd3 Nf8
43.Kg5 Kf7 44.Kxf5 Ne6 45.Ke4 Nc7 46.Nf4  1-0

[Event "ch-ROU Women"]
[Site "Sarata Monteoru ROU"]
[Date "2011.02.20"]
[Round "9.12"]
[White "Bulmaga,E"]
[Black "Vasilescu,M"]
[Result "1/2-1/2"]
[WhiteElo "1825"]
[BlackElo "1784"]

1.d4 d5 2.c4 c6 3.Nc3 Nf6 4.Nf3 dxc4 5.a4 Bf5 6.e3 e6 7.Bxc4 Bb4 8.O-O O-O
9.Qe2 Bg6 10.Ne5 Nbd7 11.Nxg6 hxg6 12.Rd1 Qa5 13.Bd2 Rfd8 14.Bd3 c5 15.Nb5 a6
16.Nd6 Qc7 17.Bxb4 cxb4 18.Nc4 e5 19.dxe5 Nxe5 20.Nxe5 Qxe5 21.Rac1 Rac8
22.h3 Ne4 23.Rxc8 Rxc8 24.Qg4 Rd8 25.Bxe4 Rxd1+ 26.Qxd1 Qxe4 27.Qd8+ Kh7
28.Qd4 Qb1+ 29.Kh2 b3 30.e4 Qc1 31.e5 b5 32.axb5 axb5 33.f4 Qc4 34.Qf2 Qc2
35.Qh4+ Kg8 36.Qd8+ Kh7 37.Qd4 Qe2 38.Kg3 Qc4 39.Qe3 Qc2 40.Qf2 Qe4 41.Qa7 Qd5
42.Qe3 Qc4 43.Qa7 Qd3+ 44.Kh2 Qc4 45.Kg3 Qd3+ 46.Kh2 Qc4 47.Qf2 Qe4 48.g4 g5
49.fxg5 Qxe5+ 50.Kg2 Qd5+ 51.Kg3 Qe5+ 52.Kh4 Kg6 53.Qd2 Qe6 54.Qd6 Kh7 55.Qg3 Qe2
56.Qxb3 Qf2+ 57.Qg3 Qxb2 58.Qd3+ g6 59.Qf3 Kg7 60.Kg3 b4 61.Kh4 Qc3 62.Qf1 b3
63.Qe2 Kh7 64.Qe3 Qc2 65.Qxb3 Qxb3  1/2-1/2

[Event "TCh-SVK Extraliga 2010-11"]
[Site "Slovakia SVK"]
[Date "2011.02.20"]
[Round "6.6"]
[White "Svana,P"]
[Black "Kantorik,M"]
[Result "0-1"]
[WhiteElo "2227"]
[BlackElo "2351"]

1.d4 d5 2.c4 c6 3.Nc3 Nf6 4.Nf3 dxc4 5.a4 Bf5 6.e3 e6 7.Bxc4 Bb4 8.O-O a5
9.Nh4 Bg4 10.f3 Bh5 11.g4 Bg6 12.Nxg6 hxg6 13.Ne2 Bd6 14.Ng3 Nxg4 15.f4 Qh4
16.Rf2 Nxf2 17.Kxf2 Qxh2+ 18.Kf3 Nd7 19.e4 Rh3 20.Qe1 Nf6 21.Bf1 Qh1+ 22.Ke2 Rh2+
23.Kd3 Qf3+ 24.Qe3 Qd1+  0-1

[Event "ch-POL"]
[Site "Warsaw POL"]
[Date "2011.02.20"]
[Round "9"]
[White "Staniszewski,Pi"]
[Black "Sadzikowski,D"]
[Result "1/2-1/2"]
[WhiteElo "2407"]
[BlackElo "2389"]

1.d4 d5 2.c4 c6 3.Nf3 Nf6 4.Nc3 dxc4 5.a4 Bf5 6.Ne5 Nbd7 7.Nxc4 Qc7 8.g3 e5
9.dxe5 Nxe5 10.Bf4 Nfd7 11.Bg2 f6 12.O-O O-O-O 13.Nxe5 Nxe5 14.Qb3 Qf7 15.Qxf7 Nxf7
16.a5 a6 17.Na4 Ne5 18.Nb6+ Kb8 19.Nc4 Bd6 20.Nxd6 Rxd6 21.Rac1 Re8 22.e4 Bd7
23.Rfd1 Rxd1+ 24.Rxd1 Kc8 25.h3 f5 26.exf5 Bxf5 27.g4 Nd3 28.Be3 Nxb2 29.Rd4 Bg6
30.h4 c5 31.Rd5 Na4 32.Bxc5 Nxc5 33.Rxc5+ Kb8 34.Rd5 Kc7 35.Rc5+ Kb8 36.Rd5 Kc7
37.Rc5+ Kb8 38.Rd5 Re7 39.Kh2 Be4 40.Bxe4 Rxe4 41.Kg3 Kc7 42.h5 Re7 43.f4 b6
44.axb6+ Kxb6 45.f5 a5 46.g5 a4 47.f6  1/2-1/2

[Event "61st ch-RUS w 1st League"]
[Site "Ivanovo RUS"]
[Date "2011.02.22"]
[Round "2"]
[White "Dogodkina,J"]
[Black "Baraeva,I"]
[Result "1-0"]
[WhiteElo "2070"]
[BlackElo "2201"]

1.Nf3 d5 2.d4 Nf6 3.c4 c6 4.Nc3 dxc4 5.a4 Bf5 6.Ne5 Nbd7 7.Nxc4 Qc7 8.Bg5 e6
9.f3 Bb4 10.e4 Bg6 11.a5 O-O 12.Qa4 c5 13.Bd2 Rad8 14.Be2 Nb8 15.O-O Bxc3
16.bxc3 cxd4 17.cxd4 Nc6 18.Rfc1 Nxd4 19.Bf1 Qb8 20.Bb4 Rfe8 21.e5 Nd5 22.Bd6 Qa8
23.Qd1 Nf5 24.Nb6 Nxb6 25.axb6 a6 26.Rc7 Ne3 27.Qb3 Nd5 28.Bc4 Nxc7 29.bxc7 Rc8
30.Qb6 h6 31.Rd1 Kh7 32.Rd2 Bf5 33.Rb2 Rh8 34.Qxb7 a5 35.Ba6 Rhe8 36.Qxa8 Rxa8
37.Bb7  1-0

[Event "61st ch-RUS w 1st League"]
[Site "Ivanovo RUS"]
[Date "2011.02.24"]
[Round "4"]
[White "Markelova,L"]
[Black "Mirzoeva,E"]
[Result "1-0"]
[WhiteElo "2076"]
[BlackElo "2216"]

1.Nf3 d5 2.d4 Nf6 3.c4 c6 4.Nc3 dxc4 5.a4 Bf5 6.Ne5 Nbd7 7.Nxc4 Qc7 8.Qd2 Nb6
9.Ne5 e6 10.f3 Rd8 11.e4 Bg6 12.Qf2 Bb4 13.Bf4 Qe7 14.a5 Nc8 15.a6 O-O 16.axb7 Qxb7
17.Ba6 Qa8 18.O-O Nd7 19.Ra4 Bxc3 20.bxc3 Ndb6 21.Ra3 Rfe8 22.c4 Re7 23.c5 Nd7
24.Rb1 Ncb6 25.cxb6 axb6 26.Nxg6 hxg6 27.Rba1 e5 28.dxe5 Qb8 29.Bg5 f6 30.Bc4+ Kf8
31.exf6 gxf6 32.Qh4 Ke8 33.Qh8+ Nf8 34.Qxf6 Red7 35.Qxc6 Rc8 36.Ra8 Qxa8
37.Rxa8  1-0

[Event "Osijek Open"]
[Site "Osijek CRO"]
[Date "2011.02.25"]
[Round "4.12"]
[White "Grguric,Dam"]
[Black "Vranjic,M"]
[Result "1-0"]
[WhiteElo "2009"]
[BlackElo "1834"]

1.d4 d5 2.c4 c6 3.Nc3 Nf6 4.Nf3 dxc4 5.a4 Bf5 6.e3 e6 7.Bxc4 Bb4 8.O-O O-O
9.Qb3 Qe7 10.Bd2 Nbd7 11.Rfe1 b6 12.e4 Bg4 13.e5 Nd5 14.Nxd5 cxd5 15.Bxb4 Qd8
16.Ba6  1-0

[Event "e2e4.org.uk Brighton Masters A"]
[Site "Brighton ENG"]
[Date "2011.02.26"]
[Round "7"]
[White "Arkell,K"]
[Black "Josse,Mar"]
[Result "1-0"]
[WhiteElo "2412"]
[BlackElo "2159"]

1.d4 d5 2.c4 c6 3.Nf3 Nf6 4.Nc3 dxc4 5.a4 Bf5 6.Nh4 Bg4 7.h3 Bh5 8.g4 Bg6
9.Nxg6 hxg6 10.e3 e6 11.Bxc4 Bb4 12.Kf1 Nbd7 13.Kg2 Qa5 14.Bd2 O-O-O 15.Qf3 Rhf8
16.h4 Nb6 17.Bb3 Kb8 18.g5 Nfd5 19.e4 Nc7 20.Be3 Bxc3 21.bxc3 Qxc3 22.Rab1 f6
23.Rhc1 Qd3 24.a5 Nd7 25.Bc4 Qa3 26.Ba6 b6 27.axb6 axb6 28.Be2 fxg5 29.Qg3 gxh4
30.Qxh4 Qd6 31.Bf3 Rh8 32.e5 Rxh4 33.exd6 Nd5 34.Bg5 Nf4+ 35.Kf1 Rh3 36.Bxd8 Rxf3
37.Ke1 Kb7 38.Bxb6 Nxb6 39.d7 Kc7 40.Rxc6+ Kxd7 41.Rcxb6 Ke7 42.Ra6 Rd3 43.Rb7+ Kf6
44.Rd7 Ng2+ 45.Kf1 Nf4 46.Kg1 Rxd4 47.Rb7 g5 48.Raa7 g6 49.Rf7+ Ke5 50.Ra1 Nh3+
51.Kh2 Rh4 52.Ra5+ Kd6 53.Kg3 e5 54.Rf6+ Ke7 55.Rb6  1-0

[Event "61st ch-RUS w 1st League"]
[Site "Ivanovo RUS"]
[Date "2011.02.27"]
[Round "7"]
[White "Charochkina,D"]
[Black "Ivakhinova,I"]
[Result "1-0"]
[WhiteElo "2314"]
[BlackElo "2324"]

1.d4 d5 2.c4 c6 3.Nc3 Nf6 4.Nf3 dxc4 5.a4 Bf5 6.e3 e6 7.Bxc4 Bb4 8.O-O O-O
9.Nh4 Qe7 10.f3 Rd8 11.Qb3 Bg6 12.Nxg6 hxg6 13.Na2 Ba5 14.Qc2 c5 15.dxc5 Qxc5
16.b4 Bxb4 17.Nxb4 Qxb4 18.Rb1 Qc5 19.Rxb7 Rc8 20.Rd1 Nbd7 21.Rbxd7 Nxd7
22.Rxd7 Qb4 23.Qe4 Qe1+ 24.Bf1 Qxc1 25.Qf4 f6 26.Qe4 Kh7 27.Qh4+ Kg8 28.Qe4 e5
29.f4 Kh7 30.f5 gxf5 31.Qh4+ Kg8 32.Qg3 g5 33.Qh3  1-0

[Event "27th Open"]
[Site "Cappelle la Grande FRA"]
[Date "2011.03.01"]
[Round "5.50"]
[White "Lalic,B"]
[Black "Marechal,A"]
[Result "1-0"]
[WhiteElo "2491"]
[BlackElo "2326"]

1.d4 d5 2.c4 c6 3.Nf3 Nf6 4.Nc3 dxc4 5.a4 Bf5 6.Ne5 Na6 7.e3 Nb4 8.Bxc4 e6
9.O-O Be7 10.Qe2 Bc2 11.b3 Nd7 12.Nxd7 Qxd7 13.Bb2 Bg6 14.Rfd1 O-O 15.e4 Qc7
16.d5 exd5 17.exd5 Rad8 18.Qg4 Bf6 19.dxc6 bxc6 20.h4 Nd3 21.Bxd3 Bxd3 22.Nd5 Rxd5
23.Bxf6 Bg6 24.Rxd5 cxd5 25.Bb2 Qc2 26.Bd4 a6 27.h5 Qe4 28.Qxe4 Bxe4 29.b4 Bd3
30.b5 axb5 31.a5 b4 32.a6 b3 33.a7 Ra8 34.Ra4 h6 35.Rb4 Kh7 36.Rxb3  1-0

[Event "Lviv Talents FIDE open"]
[Site "Lviv UKR"]
[Date "2011.03.02"]
[Round "9.2"]
[White "Zazuliak,A"]
[Black "Soroka,Danilo"]
[Result "1/2-1/2"]
[WhiteElo "2175"]
[BlackElo "1971"]

1.d4 d5 2.c4 dxc4 3.Nf3 Nf6 4.Nc3 c6 5.a4 Bf5 6.e3 e6 7.Bxc4 Bb4 8.O-O Nbd7
9.Qe2 Bg6 10.Rd1 O-O 11.Bd2 Qa5 12.e4 Bh5 13.e5 Nd5 14.Bd3 h6 15.Nxd5 cxd5
16.Bf4 Bg6 17.Qe3 Rac8 18.Bxg6 fxg6 19.Qd3 Kh7 20.h4 Qa6 21.Qxa6 bxa6 22.Rac1 Nb6
23.b3 Kg8 24.Kf1 Kf7 25.Ke2 Ke7 26.Rxc8 Rxc8 27.Rc1 Kd7 28.Bd2 Rxc1 29.Bxc1 Nc8
30.Bd2 a5 31.Bc1 Ne7 32.Kd3 Nc6 33.Be3 Ke7 34.Ng1 Kf7 35.Ne2 Ne7 36.g3 Nc6
37.Nf4 Ne7 38.Kc2 Nc6 39.Nd3 Ke7 40.Nc1 Kd7 41.Ne2 Ke7 42.Kd3 Kf7 43.Nf4 Ne7
44.g4 Nc6 45.Ng2 Ne7 46.f3 Nc6 47.Bf2 Ne7 48.Nf4 Nc6 49.h5 g5 50.Nh3 Ne7
51.Be3 Nc6 52.Bc1 Be7 53.Bd2 Bb4 54.Be3 Be7 55.f4 gxf4 56.Bxf4 Bd8 57.Bd2 Bb6
58.Be3 Bd8 59.Kc3 Bb6 60.Kd3 Bd8 61.Ng1 Be7 62.Nf3 Bd8 63.Bd2 Be7 64.Ng1 Bb4
65.Be3 Be7 66.Ne2 Bf8 67.Nc3 Ke7 68.Bd2 Kd7 69.Ne2 Ke7 70.Ng1 Kf7 71.Nh3 Be7
72.Ng1 Bf8 73.Ne2 Ke7 74.Be3 Kf7 75.Nc3 Ke7 76.Bc1 Kd7 77.Ne2 Ke8 78.Ng1 Kf7
79.Nh3 Be7 80.Bd2 Bd8 81.Ng1 Be7 82.Ne2 Ke8 83.Be3 Kf7 84.Nc3 Ke8 85.Nd1 Kf7
86.Bd2 Ke8 87.Nf2 Kf7 88.Nh3 Bd8  1/2-1/2

[Event "Noteboom Memorial GpA"]
[Site "Leiden NED"]
[Date "2011.03.05"]
[Round "3"]
[White "Van Beek,Al"]
[Black "Riemersma,L"]
[Result "1/2-1/2"]
[WhiteElo "2337"]
[BlackElo "2425"]

1.d4 d5 2.c4 c6 3.Nf3 Nf6 4.Nc3 dxc4 5.a4 Bf5 6.Ne5 Nbd7 7.Nxc4 Qc7 8.g3 e5
9.dxe5 Nxe5 10.Bf4 Nfd7 11.Bg2 O-O-O 12.Rc1 f6 13.Nb5 Bb4+ 14.Kf1 cxb5 15.Nxe5 Nc5
16.Nd3 Qf7 17.Qc2 Rd4 18.axb5 Rxf4 19.gxf4 Kb8 20.Qc4 Qxc4 21.Rxc4 Nxd3 22.Be4 Bh3+
23.Bg2 Bf5 24.Be4 Bh3+ 25.Bg2 Bf5  1/2-1/2

[Event "TCh-CZE 2010-11"]
[Site "Czech Rep CZE"]
[Date "2011.03.06"]
[Round "9.4"]
[White "Bernasek,J"]
[Black "Murdzia,P"]
[Result "1/2-1/2"]
[WhiteElo "2490"]
[BlackElo "2461"]

1.d4 d5 2.c4 c6 3.Nf3 Nf6 4.Nc3 dxc4 5.a4 Bf5 6.e3 e6 7.Bxc4 Bb4 8.O-O Nbd7
9.Qe2 O-O 10.e4 Bg6 11.Bd3 Be7 12.h3 h6 13.Rd1 Re8 14.Ne5 Nxe5 15.dxe5 Nd7
16.Bc2 Qc7 17.f4 Bc5+ 18.Kh1 a5 19.Be3 b6 20.Rd2 Rad8 21.Rad1 Bh7 22.Bd4 Bxd4
23.Rxd4 Nc5 24.Qd2 Nb7 25.Rd7 Rxd7 26.Qxd7 Re7 27.Qd4 Re8 28.Qc4 Nc5 29.b4 axb4
30.Qxb4 g5 31.fxg5 hxg5 32.a5 Qxe5 33.axb6 g4 34.hxg4 Rb8 35.Nd5 cxd5 36.Qxc5 Kg7
37.Kg1 Bxe4 38.Bxe4 Qxe4 39.Rf1 Rb7 40.g5 Qe5 41.Kh1 Rb8 42.Qe7 Rh8+ 43.Kg1 Qe3+
44.Rf2 Qc1+ 45.Rf1 Qe3+ 46.Rf2 Qe1+ 47.Rf1 Rh1+ 48.Kxh1 Qxf1+ 49.Kh2 Qf4+
50.Kh1 Qh4+ 51.Kg1 Qd4+ 52.Kh2 Qxb6 53.Qf6+ Kg8 54.g6 fxg6 55.Qxg6+ Kf8 56.Qf6+ Ke8
57.g4 Qd6+ 58.Kh3  1/2-1/2

[Event "TCh-CZE 2010-11"]
[Site "Czech Rep CZE"]
[Date "2011.03.06"]
[Round "9.3"]
[White "Hracek,Z"]
[Black "Michalik,P"]
[Result "1-0"]
[WhiteElo "2631"]
[BlackElo "2471"]

1.d4 d5 2.c4 c6 3.Nc3 Nf6 4.Nf3 dxc4 5.a4 Bf5 6.Nh4 Bd7 7.e4 e6 8.Bxc4 Nxe4
9.Nxe4 Qxh4 10.Qf3 Bb4+ 11.Kf1 h6 12.Bf4 Na6 13.Be5 Rg8 14.h3 Qd8 15.Bxa6 bxa6
16.Qg3 Be7 17.Bc7 Qc8 18.Bd6 Qd8 19.Ra3 Qb6 20.Bxe7 Qxd4 21.Rd3 Qxe4 22.Qd6 Qxd3+
23.Qxd3 Kxe7 24.Qa3+ Kf6 25.Ke2 Rgd8 26.Rd1 Be8 27.Qc3+ Kg6 28.Qg3+ Kh7 29.Rxd8 Rxd8
30.Qc7 Rd4 31.Qxa7 Rxa4 32.Qe7 Ra2 33.Qxe8 Rxb2+ 34.Ke3 Rb3+ 35.Kd4 Kg6 36.Qxc6 Rb5
37.Qxa6 Rd5+ 38.Ke4 h5 39.g3 Kh7 40.Qa7 Kg8 41.Qa8+ Kh7 42.Qe8 Kg6 43.f4 Kf6
44.g4 hxg4 45.hxg4 Rc5 46.Qh8 Rc4+ 47.Ke3  1-0

[Event "43rd WGM"]
[Site "Belgrade SRB"]
[Date "2011.03.08"]
[Round "3.1"]
[White "Benderac,A"]
[Black "Eric,J"]
[Result "1/2-1/2"]
[WhiteElo "2305"]
[BlackElo "2230"]

1.d4 d5 2.Nf3 Nf6 3.c4 c6 4.Nc3 dxc4 5.a4 Bf5 6.Ne5 Nbd7 7.Nxc4 Nb6 8.Ne5 a5
9.f3 Nfd7 10.Nxd7 Nxd7 11.e4 Bg6 12.Bc4 e6 13.Be3 Bb4 14.h4 h5 15.Kf2 Nf6
16.Qb3 O-O 17.Rad1 Qc7 18.Ne2 Bh7 19.e5 Nd5 20.Bxd5 cxd5 21.Rc1 Qb6 22.Qd1 Be7
23.Qd2 Rac8 24.Nf4 Qb3 25.Nxh5 Bb4 26.Qd1 Bc2 27.Qg1 Qxb2 28.Kg3 Bxa4 29.Nf4 Bb5
30.h5 Rxc1 31.Bxc1 Qc2 32.h6 g6 33.h7+ Kh8 34.Qh2 Qf5 35.Nh3 Be7 36.Nf2 g5
37.Ng4 a4 38.Qh6 Qg6 39.Qxg6 fxg6 40.Nf6 Bxf6 41.exf6 Rxf6 42.Kg4 Rf7 43.Kxg5 Rxh7
44.Rxh7+ Kxh7 45.Kf6 Bf1 46.g4 Be2 47.g5 Bxf3 48.Kxe6 Kg7 49.Ke7 Be4 50.Ba3  1/2-1/2

[Event "TCh-SVK Extraliga 2010-11"]
[Site "Slovakia SVK"]
[Date "2011.03.12"]
[Round "7.1"]
[White "Hracek,Z"]
[Black "Michalik,P"]
[Result "1-0"]
[WhiteElo "2631"]
[BlackElo "2471"]

1.d4 d5 2.c4 c6 3.Nc3 Nf6 4.Nf3 dxc4 5.a4 Bf5 6.Nh4 Bd7 7.e4 e6 8.Bxc4 Nxe4
9.Nxe4 Qxh4 10.Qf3 Bb4+ 11.Kf1 f5 12.Ng5 Qxd4 13.Qh5+ g6 14.Qe2 Na6 15.Nxe6 Qe4
16.Qxe4 fxe4 17.Bxa6 Bxe6 18.Bxb7 Rd8 19.Bxc6+ Kf7 20.Be3 Bc4+ 21.Kg1 Bd5
22.Bxd5+ Rxd5 23.h4 a5 24.Rc1 Bd6 25.h5 g5 26.g3 Rb8 27.Kg2 Rxb2 28.Rhd1 Rxd1
29.Rxd1 Ke6 30.Rc1 Rb4 31.Rc8 Rxa4 32.Rh8 Rc4 33.Rxh7 a4 34.Ra7 a3 35.h6 Rc8
36.Bxg5 Kf5 37.Be3 Rh8 38.Kh3 Bf8 39.g4+ Kg6 40.Ra6+  1-0

[Event "Frauenbundesliga 1st Div 2010-11"]
[Site "Germany GER"]
[Date "2011.03.13"]
[Round "11"]
[White "Worek,J"]
[Black "Kononenko,T"]
[Result "1/2-1/2"]
[WhiteElo "2280"]
[BlackElo "2381"]

1.d4 d5 2.c4 c6 3.Nc3 dxc4 4.a4 Nf6 5.Nf3 Bf5 6.Nh4 Be6 7.e4 g6 8.Be2 Bg7
9.O-O Na6 10.Be3 Qd7 11.b3 cxb3 12.d5 Nxe4 13.Nxe4 Bxd5 14.Nd2 b2 15.Rb1 Ba2
16.Nhf3 Nb4 17.Bc4 Bxb1 18.Qxb1 O-O 19.Ne4 Nd5 20.Rd1 Rfd8 21.Rd2 Qc7 22.Nd4 Bh6  1/2-1/2

[Event "TCh-SWE Elitserien 2010-11"]
[Site "Sweden SWE"]
[Date "2011.03.13"]
[Round "11"]
[White "Lindgren,P"]
[Black "Engqvist,T"]
[Result "1-0"]
[WhiteElo "2091"]
[BlackElo "2368"]

1.d4 d5 2.c4 c6 3.Nf3 Nf6 4.Nc3 dxc4 5.a4 Bf5 6.e3 e6 7.Bxc4 Bb4 8.O-O Nbd7
9.Qe2 Bg4 10.h3 Bxf3 11.Qxf3 O-O 12.Rd1 Rc8 13.e4 e5 14.Qe2 exd4 15.Rxd4 Qe7
16.Bf4 Bc5 17.Rd2 Rfe8 18.Re1 Ne5 19.Ba2 Ng6 20.Bg3 Nd7 21.Kh2 Bb4 22.f4 Nc5
23.e5 Bxc3 24.bxc3 Nxa4 25.e6 f5 26.Rd7 Qf6 27.Rf7 Qxc3 28.e7 Kh8 29.Qe6 Nb6
30.Qxf5 Qd2 31.Bb1 Qd5 32.Re5 Qd6 33.h4 Qf6 34.Rxf6  1-0

[Event "TCh-SWE Elitserien 2010-11"]
[Site "Sweden SWE"]
[Date "2011.03.13"]
[Round "11"]
[White "Jepson,C"]
[Black "Blomqvist,E"]
[Result "1/2-1/2"]
[WhiteElo "2399"]
[BlackElo "2449"]

1.d4 d5 2.c4 c6 3.Nf3 Nf6 4.Nc3 dxc4 5.a4 Bf5 6.e3 e6 7.Bxc4 Bb4 8.O-O Nbd7
9.Qe2 Bg6 10.e4 O-O 11.Bd3 Bh5 12.e5 Nd5 13.Nxd5 cxd5 14.Qe3 Bg6 15.Ng5 Re8
16.Bxg6 fxg6 17.g3 Rc8 18.h4 Rc4 19.Qd3 Qb6 20.Be3 Be7 21.a5 Qc6 22.Nh3 Rc8
23.Nf4 g5 24.hxg5 Bxg5 25.Nh3 Bxe3 26.fxe3 Nf8 27.Ng5 Ng6 28.Rf2 Rf8 29.Raf1 Rc1
30.Kg2 Rxf1 31.Qxf1 Rxf2+ 32.Qxf2 Qe8 33.Qc2 h6 34.Nh3 Ne7 35.Nf4 Kf7 36.Qf2 Qc6
37.Nh5+ Kg6 38.Nxg7 Ng8 39.Qf8 Qc2+ 40.Kh3 Qe4 41.Qxg8 Qh1+ 42.Kg4 Qe4+  1/2-1/2

[Event "1st Alpine Ski Open"]
[Site "Anzere SUI"]
[Date "2011.03.17"]
[Round "1.8"]
[White "Makawitage,Hiru"]
[Black "Lampert,J"]
[Result "0-1"]
[WhiteElo "1721"]
[BlackElo "2130"]

1.d4 d5 2.c4 c6 3.Nf3 Nf6 4.Nc3 dxc4 5.a4 Bf5 6.Ne5 Nbd7 7.Nxc4 Nb6 8.e3 e6
9.f3 Bb4 10.e4 Nxe4 11.fxe4 Qh4+ 12.Kd2 Nxc4+ 13.Bxc4 Qxe4 14.Qe2 Qxd4+ 15.Bd3 O-O-O  0-1

[Event "e2e4 Uxbridge Open"]
[Site "Denham ENG"]
[Date "2011.03.18"]
[Round "1"]
[White "Lock,G"]
[Black "Bennett,Dominic L"]
[Result "1/2-1/2"]
[WhiteElo "2192"]
[BlackElo "2011"]

1.d4 d5 2.Nf3 Nf6 3.c4 c6 4.Nc3 dxc4 5.a4 Bf5 6.Ne5 Nbd7 7.Nxc4 Qc7 8.g3 e5
9.dxe5 Nxe5 10.Bf4 Nfd7 11.Bg2 g5 12.Bxe5 Nxe5 13.Qd4 f6 14.O-O-O Be6 15.Ne3 Nd7
16.h4 Qe5 17.Qxe5 Nxe5 18.hxg5 fxg5 19.Rd4 Kf7 20.Bh3 Bxh3 21.Rxh3 Bc5 22.Re4 Rae8
23.f4 gxf4 24.gxf4 Ng6 25.Nc4 Kf6 26.Rh5 Bb4 27.Rxe8 Rxe8 28.Rxh7 b5 29.axb5 Bxc3
30.bxc3 cxb5 31.Nd6 Rxe2 32.Rxa7 Nxf4 33.Nxb5 Rf2 34.Nd4 Ke5 35.Re7+  1/2-1/2

[Event "FIDE Zonal 3.5 2011"]
[Site "Tianjin CHN"]
[Date "2011.03.20"]
[Round "1"]
[White "Zhou Jianchao"]
[Black "Bai,Jinshi"]
[Result "1-0"]
[WhiteElo "2660"]
[BlackElo "2157"]

1.d4 d5 2.c4 c6 3.Nf3 Nf6 4.Nc3 dxc4 5.a4 Bf5 6.Ne5 Nbd7 7.Nxc4 Qc7 8.g3 e5
9.dxe5 Nxe5 10.Bf4 Nfd7 11.Bg2 g5 12.Ne3 gxf4 13.Nxf5 O-O-O 14.Qc2 Nc5 15.O-O fxg3
16.hxg3 a5 17.Rfd1 h5 18.Rxd8+ Qxd8 19.Rd1 Qf6 20.Qd2 Ne6 21.Bh3 Ng4 22.Nd6+ Bxd6
23.Ne4 Qe7 24.Qxd6 Qc7 25.Rd3 Re8 26.Rf3 Re7 27.Rf5 Ng7 28.Rxa5 Qxd6 29.Nxd6+ Kc7
30.Nf5 Nxf5 31.Rxf5 Rxe2 32.Rxf7+ Kb6 33.Bxg4 hxg4 34.b4 Ra2 35.a5+ Ka6 36.Rg7 Ra4
37.Rxg4 Kb5 38.Rg7 Ka6 39.f4 Rxb4 40.f5  1-0

[Event "ch-VIE Women"]
[Site "Da Lat VIE"]
[Date "2011.03.21"]
[Round "2.2"]
[White "Phan Nguyen Mai Chi"]
[Black "Pham Le Thao Nguyen"]
[Result "0-1"]
[WhiteElo "2150"]
[BlackElo "2349"]

1.d4 d5 2.c4 c6 3.Nf3 Nf6 4.Nc3 dxc4 5.a4 Bf5 6.Ne5 Na6 7.f3 Nd7 8.Nxc4 e5
9.e4 exd4 10.Qxd4 Nb4 11.Qd1 Be6 12.Be2 Bc5 13.Bf4 O-O 14.Qd2 a5 15.g4 Qe7
16.Bg5 f6 17.Bf4 Rfd8 18.Bd6 Qf7 19.Rd1 Nb6 20.Qc1 Bxd6 21.Nxd6 Qe7 22.Qf4 Qc7
23.Qg3 Nc2+ 24.Kf2 Nd7 25.Nc4 Ne5 26.Rc1 Nb4 27.Nxe5 fxe5 28.Rhd1 Bb3 29.Rxd8+ Rxd8
30.Kf1 Qd6 31.Nb1 Qd4 32.f4 Qxb2 33.Qc3 Qxc3 34.Rxc3 Bxa4 35.fxe5 Kf8 36.Na3 b5
37.g5 Rd4 38.Rf3+ Ke7 39.Rh3 Bd1 40.Rxh7 Bxe2+ 41.Kxe2 Kf7 42.e6+ Kg6 43.Rh4 Rd6
44.Rg4 Rxe6 45.h4 Kh5 46.Kf3 Nd3 47.Kg3 Re5 48.Nc2 Rc5 49.Ne3 Ne5 50.Rf4 Rc3
51.Rf5 Nc4 52.Kf4 Nxe3 53.Rf7 Ng2+ 54.Ke5 Kg6 55.Ra7 Nxh4 56.Kd6 Nf3 57.Rxa5 Nxg5
58.e5 Nf7+ 59.Ke6 Rc5  0-1

[Event "ch-VIE Women"]
[Site "Da Lat VIE"]
[Date "2011.03.21"]
[Round "3.3"]
[White "Hoang Thi Bao Tram"]
[Black "Le Kieu Thien Kim"]
[Result "1-0"]
[WhiteElo "2311"]
[BlackElo "2252"]

1.d4 d5 2.c4 c6 3.Nc3 Nf6 4.Nf3 dxc4 5.a4 Bf5 6.Ne5 e6 7.Nxc4 Bb4 8.e3 O-O
9.Be2 Nbd7 10.O-O Qe7 11.Qb3 Rab8 12.f3 Bg6 13.Na2 Bd6 14.e4 Bc7 15.e5 Nd5
16.f4 f6 17.Nc3 fxe5 18.Nxd5 exd5 19.Nxe5 Bf5 20.Be3 Kh8 21.Bd3 Bxd3 22.Qxd3 Nf6
23.Rac1 Ne4 24.Rf3 Rbd8 25.Rh3 Kg8 26.Qe2 Rf5 27.Rh5 Rxh5 28.Qxh5 c5 29.dxc5 d4
30.Qf5 Nxc5 31.Bf2 Bxe5 32.fxe5 d3 33.Rd1 Rf8 34.Qg4 Kh8 35.Qc4 Nd7 36.Qxd3 Nxe5
37.Qe4 Qg5 38.h4 Qh5 39.Rd5 Qf7 40.Bc5 Qf1+ 41.Kh2  1-0

[Event "ch-Moscow S/F 2011"]
[Site "Moscow RUS"]
[Date "2011.03.22"]
[Round "6"]
[White "Omariev,M"]
[Black "Shuvalov,E"]
[Result "0-1"]
[WhiteElo "2340"]
[BlackElo "2252"]

1.d4 d5 2.c4 c6 3.Nf3 Nf6 4.Nc3 dxc4 5.a4 Bf5 6.e3 e6 7.Bxc4 Bb4 8.O-O Nbd7
9.Qe2 O-O 10.e4 Bg6 11.Bd3 Re8 12.Bf4 Qb6 13.e5 Nd5 14.Nxd5 cxd5 15.Bb5 Qd8
16.Rfc1 a6 17.Bg5 Be7 18.Bxe7 Qxe7 19.Bd3 Nf8 20.Rc5 Nd7 21.Rc3 Bxd3 22.Qxd3 Rec8
23.Rac1 Qd8 24.a5 Rxc3 25.Qxc3 Nb8 26.Qa3 Nc6 27.Rc5 Rc8 28.g3 h6 29.h4 Na7
30.Qc3 Rxc5 31.Qxc5 Nc6 32.b4 Qf8 33.Qd6 Qxd6 34.exd6 f6 35.Ne1 Nxb4 36.Nd3 Nc6
37.Nc5 Kf7 38.Nxb7 e5 39.dxe5 fxe5 40.Kf1 Ke6 41.Ke2 Nb8 42.f4 exf4 43.gxf4 Kd7
44.Kd3 Kc6 45.Nd8+ Kxd6 46.Nb7+ Kc6 47.Nd8+ Kd7 48.Nb7 Nc6 49.Nc5+ Kd6 50.Nxa6 Nxa5
51.Nb4 Nc6 52.Nc2 Ke6 53.Ne3 d4  0-1